| 000 | 00348nam a22001337a 4500 | ||
|---|---|---|---|
| 040 | _cNUST | ||
| 082 |
_a658.562 _bRAO |
||
| 100 |
_aV. Venkateswara Rao _9125194 |
||
| 110 |
_aBasanta Kumar _9125195 |
||
| 245 | _aTotal Quality Management | ||
| 260 |
_aIndia: _bMohit Publications, _c2001. |
||
| 650 | _2Total Quality Management | ||
| 942 |
_2ddc _cBK |
||
| 999 |
_c610973 _d610973 |
||